000 00544nam a2200205Ia 4500
001 7547
003 GE_BSU
008 181216s||||||||xx |||||||||||||| ||und||
040 _cGE_BSU
245 _aГенетика,Том 49,№6.2013.
245 _cГл.ред.С.В.Шестаков и др.
260 _aМосква.
260 _bНАУКА.
260 _c2013
300 _a792ст;28см.
653 _aГенетика,Том 49,№6.2013.
653 _aПериодика
653 _aპერიოდიკა
942 _cCR
999 _c40903
_d40903